[Event "CAN-op"]
[Site "Quebec CAN"]
[Date "2018.07.14"]
[Round "9.18"]
[White "Hay, Jonathan"]
[Black "Zhang, Henry"]
[Result "0-1"]
[WhiteElo "1772"]
[BlackElo "1979"]
[PlyCount "122"]
[EventDate "2018.07.07"]
[EventType "swiss"]
[EventRounds "9"]
[EventCountry "CAN"]

1. d4 Nf6 2. Bf4 g6 3. Nc3 d5 4. e3 Bg7 5. h4 h5 6. Nf3 O-O 7. Qd2 c6 8. Bd3
Nbd7 9. O-O Re8 10. Ne5 Nxe5 11. Bxe5 b5 12. b4 a5 13. a3 Be6 14. Bxf6 Bxf6 15.
g3 Bh3 16. Rfe1 e5 17. Bf1 Bf5 18. Ne2 Ra7 19. c3 Qc7 20. Ra2 Rea8 21. Rea1 Kg7
22. Nc1 Be7 23. Nd3 f6 24. Be2 Bd6 25. Ne1 Qe7 26. Bd3 exd4 27. exd4 axb4 28.
Bxf5 gxf5 29. cxb4 Bxb4 30. axb4 Rxa2 31. Rxa2 Rxa2 32. Qxa2 Qxe1+ 33. Kh2 f4
34. gxf4 Qxb4 35. Qa7+ Kg6 36. f5+ Kxf5 37. Qh7+ Ke6 38. Qg8+ Ke7 39. Qg7+ Ke6
40. Qg8+ Kf5 41. Qh7+ Kf4 42. Qh6+ Ke4 43. Qe3+ Kf5 44. Qh3+ Kg6 45. Qg3+ Kh6
46. Qf4+ Kg7 47. Qc7+ Kg6 48. Qg3+ Kf7 49. Qc7+ Qe7 50. Qxc6 Qe4 51. Qd7+ Kg6
52. Qxb5 Qxh4+ 53. Kg2 Qxd4 54. Qe8+ Kg5 55. Qg8+ Kf4 56. Qg3+ Kf5 57. f3 Qd2+
58. Kh3 Qf4 59. Qf2 h4 60. Qc2+ Kg5 61. Kg2 Qg3+ 0-1

[Event "CAN-op"]
[Site "Quebec CAN"]
[Date "2018.07.14"]
[Round "9.19"]
[White "Boshoff, Thomas"]
[Black "Zhu, Brandon"]
[Result "0-1"]
[WhiteElo "1939"]
[BlackElo "1959"]
[PlyCount "40"]
[EventDate "2018.07.07"]
[EventType "swiss"]
[EventRounds "9"]
[EventCountry "CAN"]

1. e4 e5 2. Nf3 Nc6 3. d4 exd4 4. Bc4 Nf6 5. e5 d5 6. Bb5 Ne4 7. Nxd4 Bc5 8.
Be3 O-O 9. Nxc6 bxc6 10. Bxc5 Nxc5 11. Bxc6 Rb8 12. Bxd5 Qe7 13. Qe2 Ba6 14. c4
Rxb2 15. Nd2 Qxe5 16. Qxe5 Nd3+ 17. Kf1 Nxe5 18. Rd1 c6 19. Be4 f5 20. Bb1 Rd8
0-1

[Event "CAN-op"]
[Site "Quebec CAN"]
[Date "2018.07.14"]
[Round "9.21"]
[White "Leger, Manon"]
[Black "Richardson, Kai"]
[Result "0-1"]
[WhiteElo "1911"]
[BlackElo "1973"]
[PlyCount "72"]
[EventDate "2018.07.07"]
[EventType "swiss"]
[EventRounds "9"]
[EventCountry "CAN"]

1. e4 e5 2. Nf3 Nc6 3. Bb5 Nf6 4. O-O d6 5. Re1 a6 6. Ba4 b5 7. Bb3 Na5 8. d3
Nxb3 9. axb3 c5 10. h3 Bb7 11. Bg5 Be7 12. Nc3 O-O 13. Qe2 h6 14. Bxf6 Bxf6 15.
Nh2 Bg5 16. Ng4 b4 17. Nd5 f5 18. Nh2 f4 19. Qg4 Bc8 20. Qh5 Kh7 21. Nf3 Bf6
22. Nd2 g6 23. Qe2 Bh4 24. Nf3 Ra7 25. c3 bxc3 26. bxc3 Rg7 27. d4 cxd4 28.
cxd4 g5 29. dxe5 g4 30. Nxh4 Qxh4 31. Nf6+ Kh8 32. hxg4 dxe5 33. Nd5 Bxg4 34.
Qd3 Bh3 35. g3 fxg3 36. f3 Bg2 0-1

[Event "CAN-op"]
[Site "Quebec CAN"]
[Date "2018.07.14"]
[Round "9.23"]
[White "Dube, Daniel"]
[Black "Bouton, Christophe"]
[Result "1/2-1/2"]
[WhiteElo "1664"]
[BlackElo "2016"]
[PlyCount "123"]
[EventDate "2018.07.07"]
[EventType "swiss"]
[EventRounds "9"]
[EventCountry "CAN"]

1. d4 Nf6 2. c4 e6 3. Nf3 c5 4. g3 cxd4 5. Nxd4 Bb4+ 6. Bd2 Be7 7. Bg2 Nc6 8.
Nb3 d5 9. cxd5 exd5 10. O-O O-O 11. Bg5 Be6 12. N1d2 h6 13. Bxf6 Bxf6 14. Rb1
Qb6 15. e4 dxe4 16. Nxe4 Be7 17. Rc1 Rad8 18. Qf3 Ne5 19. Qe3 Qxe3 20. fxe3 b6
21. Nd4 Bc8 22. Rc7 Bd6 23. Nxd6 Rxd6 24. Rfc1 Be6 25. Rxa7 Ng4 26. Nxe6 Rxe6
27. Bh3 h5 28. Bxg4 hxg4 29. Kf2 Rd8 30. Rc2 Rh6 31. Kg2 Re8 32. Ra4 f5 33. Re2
Rhe6 34. Rf4 g6 35. Rb4 Kg7 36. h3 gxh3+ 37. Kxh3 Kf6 38. g4 Rxe3+ 39. Rxe3
Rxe3+ 40. Kg2 Re6 41. Kf3 Kg5 42. gxf5 gxf5 43. Rb3 Rh6 44. Kg2 f4 45. Rd3 Kg4
46. b4 Rc6 47. Rd2 b5 48. Kf2 Rc4 49. Rb2 Rc3 50. Rd2 Rc4 51. Rb2 Kf5 52. a3
Rc3 53. Rd2 Rxa3 54. Rd5+ Kg4 55. Rxb5 Ra2+ 56. Ke1 Rb2 57. Rb8 Kf5 58. b5 Ke6
59. b6 Kf7 60. b7 Kg7 61. Kf1 Kh7 62. Rf8 1/2-1/2

[Event "CYCC U10"]
[Site "Quebec CAN"]
[Date "2018.07.03"]
[Round "3.128"]
[White "Beliveau, Mathieu"]
[Black "Morrison, Daniel"]
[Result "0-1"]
[WhiteElo "1109"]
[BlackElo "463"]
[PlyCount "102"]
[EventDate "2018.07.02"]
[EventType "swiss"]
[EventRounds "7"]
[EventCountry "CAN"]

1. d4 d5 2. c4 Nf6 3. cxd5 Nxd5 4. e4 Nb6 5. Nc3 g6 6. Nf3 Bg7 7. Be3 Bg4 8.
Be2 Bxf3 9. Bxf3 Nc6 10. d5 Ne5 11. Be2 c6 12. O-O Nec4 13. Bxb6 axb6 14. Bxc4
b5 15. Bb3 Be5 16. Qf3 Qc7 17. g3 O-O 18. Qd3 b4 19. Nd1 Rfd8 20. f4 Qb6+ 21.
Qe3 Bd4 22. Re1 Bxe3+ 23. Nxe3 cxd5 24. exd5 e6 25. dxe6 fxe6 26. Kf1 Kh8 27.
Nc4 Qb5 28. Rxe6 Ra6 29. Re5 Qd7 30. Rd1 Qh3+ 31. Ke1 Rxd1+ 32. Kxd1 Qf1+ 33.
Re1 Qd3+ 34. Kc1 Rc6 35. Rd1 Rxc4+ 36. Bxc4 Qxc4+ 37. Kb1 b3 38. axb3 Qxb3 39.
Rc1 b5 40. Rc3 Qd1+ 41. Rc1 Qe2 42. Rc8+ Kg7 43. Rb8 Qxh2 44. Rxb5 Qxg3 45. Rb4
g5 46. Rb7+ Kh6 47. fxg5+ Qxg5 48. Rb6+ Kh5 49. Rb7 Qf5+ 50. Ka1 Qf1+ 51. Ka2
Qa6+ 0-1

[Event "CYCC U10"]
[Site "Quebec CAN"]
[Date "2018.07.03"]
[Round "3.105"]
[White "Chandra, Anand Rishi"]
[Black "Liu, Aaron"]
[Result "1-0"]
[WhiteElo "2101"]
[BlackElo "1489"]
[PlyCount "89"]
[EventDate "2018.07.02"]
[EventType "swiss"]
[EventRounds "7"]
[EventCountry "CAN"]

1. e4 e5 2. Nf3 Nc6 3. Bc4 Bc5 4. c3 Nf6 5. d3 d6 6. O-O h6 7. a4 a6 8. Re1 O-O
9. h3 Bd7 10. Nbd2 Ne7 11. Nf1 Ng6 12. Ng3 Kh8 13. Qb3 Qe8 14. d4 Ba7 15. Qc2
c5 16. dxc5 dxc5 17. Be3 Bc6 18. Rad1 Bxa4 19. b3 Bc6 20. Bc1 Rd8 21. Rxd8 Qxd8
22. Rd1 Qc7 23. Bd5 Rd8 24. c4 Bb6 25. Bb2 Re8 26. Nf5 Ba7 27. Re1 Bb6 28. Bc3
Rf8 29. Qb2 Bxd5 30. exd5 Qd7 31. g4 Nf4 32. Nxe5 Qd8 33. Re3 N6xd5 34. cxd5
Qxd5 35. Rf3 Qd1+ 36. Kh2 Ne2 37. Qa1 Nxc3 38. Qxc3 f6 39. Ng6+ Kg8 40. Nxf8
Bc7+ 41. Kg2 g6 42. Nxh6+ Kxf8 43. Qxf6+ Ke8 44. Qe6+ Kd8 45. Nf7# 1-0

[Event "CYCC U10"]
[Site "Quebec CAN"]
[Date "2018.07.03"]
[Round "3.106"]
[White "Latorre, Vincent"]
[Black "Xu, Daniel"]
[Result "0-1"]
[WhiteElo "1513"]
[BlackElo "2083"]
[PlyCount "76"]
[EventDate "2018.07.02"]
[EventType "swiss"]
[EventRounds "7"]
[EventCountry "CAN"]

1. e4 c5 2. Nf3 d6 3. d4 cxd4 4. c3 dxc3 5. Nxc3 Nc6 6. Bc4 Nf6 7. O-O Bg4 8.
Qb3 e6 9. Qxb7 Rc8 10. Bb5 Qd7 11. Qxd7+ Nxd7 12. Be3 a5 13. Nd4 Nxd4 14. Bxd4
Be7 15. h3 Bh5 16. Bxg7 Rg8 17. Bd4 Bf3 18. g3 Bg5 19. e5 Bf4 20. exd6 h5 21.
Kh2 Bxd6 22. Rae1 h4 23. Rg1 Ke7 24. Re3 Ba8 25. Rge1 Rg5 26. Bf1 Rcg8 27. Ne2
Bd5 28. Bg2 Bxa2 29. Rc1 a4 30. Rcc3 Bb4 31. Rc7 Bd6 32. Rcc3 f5 33. Bf1 Bb4
34. Rc7 Bd6 35. Rcc3 R5g6 36. f4 Bb4 37. Rc7 Be1 38. gxh4 Bxh4 {time} 0-1

[Event "CYCC U10"]
[Site "Quebec CAN"]
[Date "2018.07.03"]
[Round "3.107"]
[White "Zhong, Kevin"]
[Black "Lin, Leo"]
[Result "1-0"]
[WhiteElo "2072"]
[BlackElo "1463"]
[PlyCount "177"]
[EventDate "2018.07.02"]
[EventType "swiss"]
[EventRounds "7"]
[EventCountry "CAN"]

1. e4 c5 2. Ne2 d6 3. g3 Nf6 4. Bg2 e5 5. c3 Be7 6. d4 cxd4 7. cxd4 O-O 8. Nbc3
a6 9. a4 b6 10. O-O Bb7 11. d5 Nbd7 12. f4 Rc8 13. f5 Nc5 14. b4 Ncd7 15. h3
Nh5 16. g4 Ng3 17. Rf3 Nxe2+ 18. Qxe2 Rc7 19. Bd2 Bh4 20. Be1 Qe7 21. Qd2 Bxe1
22. Rxe1 Rfc8 23. Bf1 f6 24. h4 Qf7 25. Be2 Nf8 26. Kf2 Qe8 27. g5 Nd7 28. Rg1
Qe7 29. Rfg3 Qf8 30. Ke1 Kh8 31. Kf2 Kg8 32. Rh3 Kh8 33. Rg2 Kg8 34. Kg1 Kh8
35. Rgg3 Kg8 36. Kh2 Kh8 37. Kh1 Kg8 38. Qe1 Kh8 39. Bf1 Kg8 40. Qe2 Kh8 41.
Qh5 Kg8 42. Qe2 Kh8 43. Qd2 Kg8 44. h5 fxg5 45. Qxg5 Nf6 46. Qh4 Re7 47. h6
Rcc7 48. Rh2 Bc8 49. Rhg2 Bb7 50. hxg7 Rxg7 51. Qh6 Bc8 52. Be2 Bb7 53. Bd3 Bc8
54. Nd1 Bb7 55. Ne3 Rxg3 56. Rxg3+ Rg7 57. Rxg7+ Qxg7 58. Qxg7+ Kxg7 59. Nc4
Ne8 60. Nxb6 Kf7 61. b5 axb5 62. Bxb5 Nf6 63. Bd3 Ke7 64. a5 Ng4 65. Kg2 Nf6
66. Kf3 Nd7 67. Nxd7 Kxd7 68. a6 Bxa6 69. Bxa6 Ke7 70. Kg4 Kf6 71. Kh5 Kf7 72.
Kh6 Kg8 73. Bc8 Kh8 74. f6 Kg8 75. Be6+ Kh8 76. Bf5 Kg8 77. Bxh7+ Kf7 78. Kg5
Kf8 79. Kg6 Ke8 80. Kg7 Kd7 81. f7 Kc7 82. f8=Q Kb6 83. Qxd6+ Kb5 84. Qc6+ Kb4
85. d6 Kb3 86. d7 Kb4 87. d8=R Kb3 88. Rb8+ Ka3 89. Qa6# 1-0

[Event "CYCC U10"]
[Site "Quebec CAN"]
[Date "2018.07.03"]
[Round "3.109"]
[White "Ning, Eric"]
[Black "Ripley, Sam"]
[Result "1-0"]
[WhiteElo "2013"]
[BlackElo "1411"]
[PlyCount "87"]
[EventDate "2018.07.02"]
[EventType "swiss"]
[EventRounds "7"]
[EventCountry "CAN"]

1. d4 d5 2. c4 e6 3. Nc3 Nf6 4. cxd5 exd5 5. Bg5 Be7 6. e3 Bf5 7. Qb3 Nbd7 8.
Nf3 Nb6 9. Be2 h6 10. Bf4 Bd6 11. Be5 c6 12. a4 Rb8 13. a5 Nc8 14. h3 Bxe5 15.
Nxe5 Nd6 16. g4 Bh7 17. Qa4 O-O 18. a6 b5 19. Qb4 Rb6 20. f3 Qc7 21. h4 Nd7 22.
Nxd7 Qxd7 23. Kf2 Re8 24. Nd1 Qe6 25. Ra3 Reb8 26. g5 Nf5 27. Bd3 h5 28. Bxf5
Bxf5 29. Nc3 Re8 30. Re1 Bg6 31. Kg3 Qc8 32. Ne2 Rxa6 33. Rxa6 Qxa6 34. Nf4 Qc8
35. Qd6 Rd8 36. Qc5 Qc7 37. Rc1 Rd6 38. Qxb5 Qb6 39. Qe2 Qb4 40. Qa6 Qb6 41.
Qa3 Qc7 42. Qc5 Kh7 43. Ra1 Rd7 44. Ra6 1-0

[Event "CYCC U10"]
[Site "Quebec CAN"]
[Date "2018.07.03"]
[Round "3.110"]
[White "Darvekar, Yash"]
[Black "Yuen, Noah"]
[Result "0-1"]
[WhiteElo "1457"]
[BlackElo "1594"]
[PlyCount "82"]
[EventDate "2018.07.02"]
[EventType "swiss"]
[EventRounds "7"]
[EventCountry "CAN"]

1. e4 c5 2. Nf3 d6 3. c3 Nf6 4. Be2 Nc6 5. d3 e6 6. O-O Be7 7. Nbd2 Qc7 8. d4
O-O 9. Qc2 Bd7 10. Nb3 Rac8 11. Bf4 cxd4 12. cxd4 Nxd4 13. Nbxd4 Qxc2 14. Nxc2
Rxc2 15. Bd3 Rxb2 16. Bc1 Rb6 17. Be3 Rc6 18. e5 Nd5 19. exd6 Bxd6 20. Be4 Ra6
21. Bd3 Ra3 22. Rfd1 Bc6 23. Bc1 Ra5 24. Bd2 Rc5 25. Nd4 Ba4 26. Nb3 Rc7 27.
Rdc1 Rfc8 28. Re1 Nb4 29. Bxb4 Bxb4 30. Re4 Bc3 31. Rd1 Bc6 32. Re3 Bf6 33. h3
g6 34. Be4 Bxe4 35. Rxe4 Rc2 36. a4 Rb2 37. Nd4 Rc4 38. Rf4 Bxd4 39. Rfxd4 Rxd4
40. Rxd4 Kg7 41. g4 a5 0-1

[Event "CYCC U10"]
[Site "Quebec CAN"]
[Date "2018.07.03"]
[Round "3.111"]
[White "Li, Adam"]
[Black "Han, Jonathan"]
[Result "1-0"]
[WhiteElo "1388"]
[BlackElo "1566"]
[PlyCount "171"]
[EventDate "2018.07.02"]
[EventType "swiss"]
[EventRounds "7"]
[EventCountry "CAN"]

1. e4 c5 2. Nf3 d6 3. c3 Nf6 4. Bd3 Nc6 5. Bc2 e5 6. d4 cxd4 7. cxd4 exd4 8.
Nxd4 d5 9. exd5 Qxd5 10. Nxc6 Qxc6 11. Ba4 b5 12. Qe2+ Qe6 13. Bxb5+ Bd7 14.
Qxe6+ fxe6 15. Bxd7+ Nxd7 16. O-O Bc5 17. Nc3 O-O 18. b3 Ne5 19. Be3 Rac8 20.
Bxc5 Rxc5 21. Ne4 Rc2 22. Ng5 Rf6 23. f3 Rg6 24. f4 h6 25. Rf2 Rxf2 26. Kxf2
Nd3+ 27. Ke3 Nxf4 28. Kxf4 Rxg5 29. g3 Kf7 30. Rd1 Rf5+ 31. Ke3 Ke7 32. Rd2 g5
33. g4 Rf4 34. h3 e5 35. Rd5 Ke6 36. Ra5 e4 37. Ra6+ Kd5 38. Rxh6 Rf3+ 39. Ke2
Kd4 40. Rh7 Rg3 41. Rd7+ Ke5 42. Rxa7 Rxh3 43. b4 e3 44. b5 Kf4 45. Ra4+ Ke5
46. a3 Kd5 47. b6 Kc6 48. Ra5 Kxb6 49. Rxg5 Rh2+ 50. Kxe3 Rh3+ 51. Kf4 Rxa3 52.
Rg6+ Kc7 53. Kf5 Rf3+ 54. Ke6 Re3+ 55. Kf7 Kd7 56. g5 Re7+ 57. Kg8 Re8+ 58. Kh7
Re1 59. Rg7+ Ke6 60. g6 Rh1+ 61. Kg8 Kf6 62. Rh7 Ra1 63. Rh6 Kg5 64. Kh7 Ra6
65. Rh1 Ra7+ 66. g7 Kf6 67. Rf1+ Ke5 68. Kh8 Ra2 69. g8=Q Rh2+ 70. Kg7 Rg2+ 71.
Kf8 Rxg8+ 72. Kxg8 Ke4 73. Kf7 Ke5 74. Kg6 Ke4 75. Kg5 Ke3 76. Kg4 Ke2 77. Rf3
Ke1 78. Kf4 Ke2 79. Ke4 Kd2 80. Rh3 Kc2 81. Kd4 Kb2 82. Kc4 Ka2 83. Rb3 Ka1 84.
Kc3 Ka2 85. Kc2 Ka1 86. Ra3# 1-0

[Event "CYCC U10"]
[Site "Quebec CAN"]
[Date "2018.07.03"]
[Round "3.113"]
[White "Ma, Andrew"]
[Black "Nikmaran, Ryan"]
[Result "1-0"]
[WhiteElo "1575"]
[BlackElo "1153"]
[PlyCount "89"]
[EventDate "2018.07.02"]
[EventType "swiss"]
[EventRounds "7"]
[EventCountry "CAN"]

1. e4 c5 2. Nf3 Nc6 3. Bb5 d6 4. O-O Bd7 5. Bxc6 Bxc6 6. Re1 e5 7. c3 b6 8. d4
f6 9. Nbd2 Be7 10. Nf1 Nh6 11. Ng3 Nf7 12. Qb3 g6 13. Be3 d5 14. Rad1 c4 15.
Qc2 O-O 16. dxe5 Nxe5 17. Nxe5 fxe5 18. exd5 Be8 19. Bh6 Rf7 20. Ne4 Bd7 21.
Ng3 Bg5 22. Bxg5 Qxg5 23. Qe4 Bf5 24. Nxf5 Rxf5 25. d6 Rf4 26. Qxa8+ Rf8 27.
Qd5+ Kh8 28. Qxe5+ Qxe5 29. Rxe5 g5 30. d7 h5 31. d8=Q Rxd8 32. Rxd8+ Kh7 33.
Re7+ Kg6 34. Rf8 g4 35. Ref7 Kg5 36. g3 h4 37. Kf1 hxg3 38. fxg3 b5 39. Ke2 b4
40. Ke3 bxc3 41. bxc3 a5 42. Ke4 a4 43. Ke5 a3 44. Rg8+ Kh5 45. Rh7# 1-0

[Event "CYCC U10"]
[Site "Quebec CAN"]
[Date "2018.07.03"]
[Round "3.114"]
[White "Hu, Raymond"]
[Black "He, Zekai"]
[Result "1-0"]
[WhiteElo "1228"]
[BlackElo "1282"]
[PlyCount "65"]
[EventDate "2018.07.02"]
[EventType "swiss"]
[EventRounds "7"]
[EventCountry "CAN"]

1. e4 c5 2. Nf3 Nc6 3. d4 cxd4 4. Nxd4 Nf6 5. Nc3 e6 6. Ndb5 d6 7. Bg5 a6 8.
Bxf6 gxf6 9. Nd4 Bg7 10. Nf3 O-O 11. Be2 b5 12. a3 Bb7 13. O-O Ne7 14. Qd3 f5
15. exf5 Nxf5 16. Rad1 d5 17. h3 Qd7 18. g4 Nh6 19. Ng5 f5 20. gxf5 Rxf5 21.
Qe3 Re5 22. Qd2 Rf8 23. f4 Ref5 24. Bd3 Bd4+ 25. Kh2 R5f6 26. Bxh7+ Kh8 27.
Qxd4 Nf5 28. Bxf5 exf5 29. Nge4 fxe4 30. Nxe4 Qc6 31. Nxf6 Qxc2+ 32. Rd2 Qf5
33. Nh5+ 1-0

[Event "CYCC U10"]
[Site "Quebec CAN"]
[Date "2018.07.03"]
[Round "3.115"]
[White "Mellon-Ruel, Olivier"]
[Black "Zhang, Kevin"]
[Result "0-1"]
[WhiteElo "936"]
[BlackElo "1838"]
[PlyCount "64"]
[EventDate "2018.07.02"]
[EventType "swiss"]
[EventRounds "7"]
[EventCountry "CAN"]

1. d4 d5 2. Nf3 g6 3. Nc3 Bg7 4. e4 dxe4 5. Nxe4 Nf6 6. Nxf6+ Bxf6 7. Bd3 O-O
8. O-O Bg7 9. h3 Nc6 10. d5 Nb4 11. Bc4 Bf5 12. Ne1 Rb8 13. c3 Na6 14. Bxa6
bxa6 15. c4 c6 16. dxc6 Qxd1 17. Nf3 Qd6 18. b4 Bxa1 19. Ba3 Bg7 20. c5 Qxc6
21. Nd4 Qa4 22. Bb2 Bxd4 23. Bxd4 Qxb4 24. Be3 Qb2 25. c6 Rbc8 26. Bxa7 Rxc6
27. Rd1 Rfc8 28. Rd3 Bxd3 29. Be3 Qe5 30. g3 Rc1+ 31. Kh2 Qxe3 32. fxe3 R8c2#
0-1

[Event "CYCC U10"]
[Site "Quebec CAN"]
[Date "2018.07.03"]
[Round "3.117"]
[White "Gao, Joshua"]
[Black "Locham, Divjot"]
[Result "0-1"]
[WhiteElo "882"]
[BlackElo "1373"]
[PlyCount "76"]
[EventDate "2018.07.02"]
[EventType "swiss"]
[EventRounds "7"]
[EventCountry "CAN"]

1. e4 e5 2. Nf3 Nc6 3. Nc3 Nf6 4. Bb5 Bc5 5. d3 h6 6. O-O d6 7. h3 a6 8. Ba4
O-O 9. Nh2 Be6 10. Bb3 d5 11. exd5 Nxd5 12. Nxd5 Bxd5 13. Bxd5 Qxd5 14. Qg4 Qd6
15. Nf3 f5 16. Qg3 e4 17. Bf4 Qe6 18. Rae1 Qxa2 19. Bxh6 Qxb2 20. d4 Bxd4 21.
Rb1 Qc3 22. Rb3 Qc5 23. c3 Be5 24. Nxe5 Qxe5 25. Bf4 Qd5 26. Rxb7 Nd4 27. Rxc7
Ne2+ 28. Kh2 Nxg3 29. Bxg3 f4 30. Bxf4 Rxf4 31. Rb1 Qe5 32. Rxg7+ Qxg7 33. Rg1
Rxf2 34. c4 Kf7 35. c5 Rh8 36. c6 Qe5+ 37. Kh1 Rxh3+ 38. gxh3 Rh2# 0-1

[Event "CYCC U10"]
[Site "Quebec CAN"]
[Date "2018.07.03"]
[Round "3.119"]
[White "Yuan, Henry"]
[Black "Fan, Haoran"]
[Result "0-1"]
[WhiteElo "1346"]
[BlackElo "880"]
[PlyCount "96"]
[EventDate "2018.07.02"]
[EventType "swiss"]
[EventRounds "7"]
[EventCountry "CAN"]

1. e4 e5 2. Nf3 Nc6 3. Bc4 h6 4. O-O Nf6 5. d4 exd4 6. e5 d5 7. Bb5 Ne4 8. Nxd4
Bd7 9. Bxc6 Bxc6 10. Nd2 Be7 11. Nxe4 dxe4 12. Be3 Bd5 13. Qg4 g6 14. Qe2 c5
15. Nb5 a6 16. Nc3 Be6 17. Nxe4 Qc7 18. f4 Qc6 19. Qf3 Bd5 20. Nf6+ Bxf6 21.
Qf2 Be7 22. Rfd1 Be4 23. c4 Rd8 24. Rxd8+ Kxd8 25. Rd1+ Kc7 26. b3 Rd8 27. Rxd8
Kxd8 28. Qd2+ Qd7 29. Qa5+ Qc7 30. Qd2+ Kc8 31. Qe2 Bf5 32. g4 Bd7 33. h3 Qc6
34. Bf2 b5 35. a4 bxa4 36. bxa4 Qxa4 37. Qd3 Qa1+ 38. Kh2 Qb2 39. Qf3 Qb7 40.
Qa3 Qc6 41. Kg3 Kc7 42. h4 Kb8 43. Qa5 Kb7 44. Qc3 Qh1 45. Qb3+ Kc8 46. f5
Bxh4+ 47. Kf4 Bxf2 48. Qb6 g5# 0-1

[Event "CYCC U10"]
[Site "Quebec CAN"]
[Date "2018.07.03"]
[Round "3.120"]
[White "Lin, Brenton"]
[Black "Bocan, Richard"]
[Result "0-1"]
[WhiteElo "822"]
[BlackElo "1298"]
[PlyCount "56"]
[EventDate "2018.07.02"]
[EventType "swiss"]
[EventRounds "7"]
[EventCountry "CAN"]

1. c4 e6 2. Nc3 d5 3. d4 c6 4. e4 dxe4 5. Nxe4 Bb4+ 6. Nc3 Nf6 7. Nf3 O-O 8.
Bd2 Nbd7 9. Bd3 Re8 10. O-O e5 11. Re1 Bxc3 12. dxe5 Bxe5 13. Nxe5 Nxe5 14.
Rxe5 Rxe5 15. Bf4 Re8 16. Be5 Be6 17. b3 Qe7 18. Bb2 Rad8 19. Qf3 Bg4 20. Qg3
Qd6 21. Bc2 Qxg3 22. hxg3 Rd2 23. Rc1 Ree2 24. Bxf6 gxf6 25. f3 Rxg2+ 26. Kf1
Rxc2 27. Rxc2 Rxc2 28. fxg4 Rxa2 0-1

[Event "CYCC U10"]
[Site "Quebec CAN"]
[Date "2018.07.03"]
[Round "3.121"]
[White "Dufresne, Christophe"]
[Black "Xu, Joey"]
[Result "0-1"]
[WhiteElo "1291"]
[BlackElo "844"]
[PlyCount "78"]
[EventDate "2018.07.02"]
[EventType "swiss"]
[EventRounds "7"]
[EventCountry "CAN"]

1. e4 e5 2. Nf3 Nc6 3. Bc4 Nf6 4. d3 Bc5 5. Bg5 h6 6. Bh4 Nd4 7. Nxe5 O-O 8.
O-O d6 9. Nxf7 Rxf7 10. Bxf7+ Kxf7 11. Nc3 c6 12. Ne2 Be6 13. Nxd4 Bxd4 14. c3
Bb6 15. Bxf6 gxf6 16. Qh5+ Kg7 17. d4 Bf7 18. Qg4+ Bg6 19. f4 h5 20. Qg3 Kf7
21. f5 Bh7 22. Qh4 Ke7 23. Qxh5 Qg8 24. Rf3 Qf7 25. Qxf7+ Kxf7 26. Raf1 c5 27.
dxc5 Bxc5+ 28. Kh1 Ke7 29. Rg3 Bg8 30. a3 Bc4 31. Rf4 Bf7 32. Rfg4 Rd8 33. h4
d5 34. Rh3 dxe4 35. Rxe4+ Kf8 36. h5 Rd2 37. h6 Bd6 38. h7 Rd1+ 39. Re1 Rxe1#
0-1

[Event "CYCC U10"]
[Site "Quebec CAN"]
[Date "2018.07.03"]
[Round "3.122"]
[White "Huang, Richard"]
[Black "Lin, Joey"]
[Result "1-0"]
[WhiteElo "1237"]
[BlackElo "800"]
[PlyCount "133"]
[EventDate "2018.07.02"]
[EventType "swiss"]
[EventRounds "7"]
[EventCountry "CAN"]

1. e4 c5 2. c3 d6 3. d4 cxd4 4. cxd4 g6 5. Nc3 Bg7 6. Nf3 Nc6 7. Be3 a6 8. Be2
b5 9. Rc1 Bb7 10. O-O Nf6 11. a3 O-O 12. Qd2 Ng4 13. h3 Nxe3 14. fxe3 Rc8 15.
Ne1 Na5 16. Rc2 Nb3 17. Qd3 Na1 18. Rd2 Nb3 19. Rd1 Rc7 20. Nd5 Bxd5 21. exd5
Na5 22. b3 Qa8 23. Bf3 Rcc8 24. Bg4 Rc3 25. Qe4 Re8 26. Bd7 f5 27. Qe6+ Kh8 28.
Bxe8 Qxe8 29. Rd3 Rxd3 30. Nxd3 Nxb3 31. Rb1 Nd2 32. Rc1 Nc4 33. Nb2 h5 34.
Nxc4 bxc4 35. Rxc4 Qb5 36. Rb4 Qe2 37. Rb8+ Kh7 38. Rg8 Qe1+ 39. Kh2 f4 40.
Rxg7+ Kxg7 41. Qxe7+ Kg8 42. Qe6+ Kg7 43. exf4 Qxe6 44. dxe6 d5 45. g4 h4 46.
f5 g5 47. Kg2 a5 48. Kf3 Kf6 49. Ke3 Ke7 50. Kd3 Kd6 51. Kc3 Ke7 52. Kb3 Kd6
53. Ka4 Kc6 54. f6 Kd6 55. f7 Ke7 56. Kb5 Kf8 57. Kc6 Ke7 58. Kxd5 Kf8 59. Ke5
Kg7 60. d5 a4 61. d6 Kf8 62. d7 Ke7 63. f8=Q+ Kxf8 64. d8=Q+ Kg7 65. Kf5 Kh7
66. Kf6 Kh6 67. Qh8# 1-0

[Event "CYCC U10"]
[Site "Quebec CAN"]
[Date "2018.07.03"]
[Round "3.123"]
[White "Wang, Emil"]
[Black "Luo, Zhiheng"]
[Result "1-0"]
[WhiteElo "1193"]
[BlackElo "754"]
[PlyCount "103"]
[EventDate "2018.07.02"]
[EventType "swiss"]
[EventRounds "7"]
[EventCountry "CAN"]

1. e4 e5 2. Nf3 Nc6 3. Bc4 Bc5 4. d3 h6 5. Nc3 d6 6. Be3 Bb6 7. Ne2 Nf6 8. O-O
O-O 9. Ng3 Be6 10. Bb3 Nd4 11. c3 Nxb3 12. axb3 c6 13. d4 exd4 14. Nxd4 Bxd4
15. cxd4 Ng4 16. Bf4 d5 17. e5 Rc8 18. f3 Nxh2 19. Kxh2 Qh4+ 20. Kg1 Qxf4 21.
Ne2 Qg5 22. Rxa7 b5 23. Qc1 Qxc1 24. Rxc1 Bf5 25. Ra6 Bd7 26. f4 f6 27. g3 Ra8
28. Rca1 Rxa6 29. Rxa6 fxe5 30. dxe5 Re8 31. Nd4 c5 32. Nf3 Bg4 33. Kf2 g5 34.
Rc6 c4 35. bxc4 bxc4 36. Rxh6 Kg7 37. Rd6 gxf4 38. gxf4 Be6 39. Ke3 Kf7 40. Nd4
Re7 41. Nxe6 Rxe6 42. Rxe6 Kxe6 43. Kd4 Kf5 44. Kxd5 Kxf4 45. e6 Ke3 46. e7 Kd3
47. e8=Q Kc2 48. Kxc4 Kd2 49. Qe4 Kc1 50. Qg2 Kb1 51. Kb3 Kc1 52. Qc2# 1-0

[Event "CYCC U10"]
[Site "Quebec CAN"]
[Date "2018.07.03"]
[Round "3.124"]
[White "Qiu, James"]
[Black "Hodgson, Trent"]
[Result "1-0"]
[WhiteElo "1136"]
[BlackElo "746"]
[PlyCount "83"]
[EventDate "2018.07.02"]
[EventType "swiss"]
[EventRounds "7"]
[EventCountry "CAN"]

1. e4 e5 2. Nf3 Nc6 3. d4 exd4 4. Nxd4 Qh4 5. Nc3 Bb4 6. Qd3 Bxc3+ 7. bxc3 Nf6
8. Nf3 Qxe4+ 9. Qxe4+ Nxe4 10. Bb2 O-O 11. Bd3 Re8 12. O-O d6 13. Rfe1 Bf5 14.
Nh4 g6 15. Nxf5 gxf5 16. f3 Nc5 17. Bxf5 Na4 18. Rab1 Nxb2 19. Rxe8+ Rxe8 20.
Rxb2 b6 21. Kf2 Kg7 22. Bd7 Re5 23. Bxc6 Rc5 24. Be4 Rxc3 25. Rb3 Rc4 26. Ra3
a5 27. Bd3 Rc5 28. Ra4 d5 29. Rh4 h6 30. Rh5 f6 31. c4 c6 32. cxd5 cxd5 33. Rh4
Rc3 34. Rd4 Rc5 35. Ke3 Kf7 36. Kf4 Ke6 37. g4 b5 38. Bh7 b4 39. Bg8+ Ke7 40.
Bxd5 Rc2 41. h4 Rxa2 42. Bxa2 1-0

[Event "CYCC U10"]
[Site "Quebec CAN"]
[Date "2018.07.03"]
[Round "3.125"]
[White "Huang, Winston"]
[Black "Jiang, Barron Jiyu"]
[Result "0-1"]
[WhiteElo "718"]
[BlackElo "1131"]
[PlyCount "176"]
[EventDate "2018.07.02"]
[EventType "swiss"]
[EventRounds "7"]
[EventCountry "CAN"]

1. e4 c5 2. Nf3 d6 3. d4 cxd4 4. Nxd4 Nf6 5. Nc3 a6 6. Bg5 e6 7. Bc4 h6 8. Bh4
Be7 9. h3 Nxe4 10. Bxe7 Nxc3 11. Bxd8 Nxd1 12. Rxd1 Kxd8 13. Nf3 Ke7 14. Ke2
Nc6 15. Nd4 Ne5 16. Bb3 Bd7 17. Nf3 Bb5+ 18. Ke3 Nxf3 19. Kxf3 Rac8 20. Rd4 e5
21. Re1 Kf6 22. Rxd6+ Ke7 23. Rb6 Kd7 24. Rxb7+ Rc7 25. Rd1+ Kc8 26. Rxc7+ Kxc7
27. a4 Bc6+ 28. Kg3 f6 29. Rd3 Rb8 30. Rc3 Kd6 31. Rd3+ Ke7 32. Rc3 Bd7 33. Rc7
Kd8 34. Ra7 Rb6 35. a5 Rd6 36. Bc4 Rc6 37. Bxa6 Rxc2 38. Ra8+ Ke7 39. Ra7 Rxb2
40. Bc8 Rb3+ 41. f3 Rd3 42. Rxd7+ Rxd7 43. Bxd7 Kxd7 44. Kg4 g6 45. h4 Kc6 46.
h5 f5+ 47. Kh4 g5+ 48. Kg3 Kb5 49. Kf2 Kxa5 50. g4 fxg4 51. fxg4 Kb4 52. Ke3
Kc5 53. Kd3 Kd5 54. Ke3 e4 55. Kd2 Kd4 56. Ke2 e3 57. Ke1 Ke4 58. Ke2 Kf4 59.
Ke1 Kxg4 60. Ke2 Kf4 61. Ke1 Kf3 62. Kf1 g4 63. Ke1 e2 64. Kd2 Kf2 65. Kc1 g3
66. Kb1 g2 67. Kb2 Kg3 68. Kc2 e1=N+ 69. Kd2 g1=R 70. Ke2 Nf3 71. Ke3 Rd1 72.
Ke4 Kg4 73. Ke3 Ng5 74. Ke2 Rh1 75. Kf2 Rxh5 76. Kf1 Rh1+ 77. Kg2 Ra1 78. Kf2
h5 79. Kg2 h4 80. Kh2 Nf3+ 81. Kg2 Rg1+ 82. Kf2 Kf4 83. Ke2 h3 84. Kf2 h2 85.
Ke2 Ke4 86. Kf2 h1=N+ 87. Ke2 Rg2+ 88. Kf1 Rf2# 0-1